Review of Radical Political Economics

Salvato in:
Dettagli Bibliografici
Natura: Periodico
Lingua:inglese
Pubblicazione: Cambridge Blackwell 1993
Soggetti:
Tags: Aggiungi Tag
Nessun Tag, puoi essere il primo ad aggiungerne!!

MARC

LEADER 00000nas2a2200000 4500
001 s013992
005 20180117152649.9
022 |a 0486-6134 
041 0 |a eng 
044 |a GB 
245 1 0 |a Review of Radical Political Economics 
264 1 |a Cambridge  |b Blackwell  |c 1993 
300 |a 1 zv. 
773 0 |w eu_un_cat*s120657 
610 2 0 |a ekonómia politická 
610 2 0 |a teórie ekonomické 
610 2 0 |a radikalizmus